| 000 | 00417nam a2200133Ia 4500 | ||
|---|---|---|---|
| 008 | 250506s9999 xx 000 0 und d | ||
| 024 | _a05B-BS-28, 05B-BS-30 & 05B-BS-44 | ||
| 082 | _a005.1072 SHA | ||
| 100 | _aShan-ul-Haq, S. Moiz-ul-Haq & M. Furqan Usmani | ||
| 245 | 0 | _aDashboard of Banking System | |
| 260 |
_aKarachi: _bUIT, _c2005 |
||
| 600 | _aComputer Science | ||
| 650 | _aBachelor of Computer Science (BS) | ||
| 999 |
_c27479 _d27479 |
||